MARC details
| 000 -CABECERA |
| campo de control de longitud fija |
00932nam a2200205 a 4500 |
| 001 - NÚMERO DE CONTROL |
| campo de control |
000033415 |
| 005 - FECHA Y HORA DE LA ÚLTIMA TRANSACCIÓN |
| campo de control |
20210609200712.0 |
| 008 - DATOS DE LONGITUD FIJA--INFORMACIÓN GENERAL |
| campo de control de longitud fija |
090703s1961 dr a 000 0 spa d |
| 040 ## - FUENTE DE LA CATALOGACIÓN |
| Centro catalogador/agencia de origen |
DO-SdBNP |
| Lengua de catalogación |
spa |
| Centro/agencia transcriptor |
BNPHU |
| 082 ## - NÚMERO DE LA CLASIFICACIÓN DECIMAL DEWEY |
| Número de clasificación |
972.9356 |
| Número de documento/Ítem |
B928s |
| 100 1# - ENTRADA PRINCIPAL--NOMBRE DE PERSONA |
| Nombre de persona |
Bueno, Arturo, |
| Fechas asociadas al nombre |
1888-1979 |
| 9 (RLIN) |
8268 |
| 245 10 - MENCIÓN DE TÍTULO |
| Título |
Santiago : |
| Resto del título |
quien te vió y quien te ve / |
| Mención de responsabilidad, etc. |
Arturo Bueno. |
| 260 ## - PUBLICACIÓN, DISTRIBUCIÓN, ETC. |
| Lugar de publicación, distribución, etc. |
Santiago de los Caballeros, República Dominicana : |
| Nombre del editor, distribuidor, etc. |
Impresora Comercial, |
| Fecha de publicación, distribución, etc. |
1961. |
| 300 ## - DESCRIPCIÓN FÍSICA |
| Extensión |
1 v. (en varias páginaciones) ; |
| Dimensiones |
23 cm. |
| 651 #0 - PUNTO DE ACCESO ADICIONAL DE MATERIA--NOMBRE GEOGRÁFICO |
| Nombre geográfico |
Santiago de los Caballeros (Republica Dominicana) |
| 9 (RLIN) |
8269 |
| 650 #0 - PUNTO DE ACCESO ADICIONAL DE MATERIA--TÉRMINO DE MATERIA |
| Término de materia o nombre geográfico como elemento de entrada |
Santiago de los Caballeros (República Dominicana) |
| Subdivisión general |
Historia |
| -- |
Anecdotas, chistes, satiras, etc. |
| 9 (RLIN) |
8271 |
| 650 #0 - PUNTO DE ACCESO ADICIONAL DE MATERIA--TÉRMINO DE MATERIA |
| Término de materia o nombre geográfico como elemento de entrada |
Santiago de los Caballeros (República Dominicana) |
| Subdivisión general |
Historia |
| -- |
Anecdotas, chistes, satiras, etc. |
| 9 (RLIN) |
8271 |
| 650 #4 - PUNTO DE ACCESO ADICIONAL DE MATERIA--TÉRMINO DE MATERIA |
| Término de materia o nombre geográfico como elemento de entrada |
Ciudades y pueblos |
| Subdivisión geográfica |
República Dominicana |
| 9 (RLIN) |
784 |
| 910 ## - DATOS DE OPCIÓN DEL USUARIO (OCLC) |
| Datos de opción del usuario |
Validado. Control de calidad BNPHU |